|
|
|
|
| LEADER |
00000nam a22000007a 4500 |
| 005 |
20201023134528.0 |
| 007 |
cr|||| |||| |
| 008 |
201023c20119999gb ar|w s|||| 0|||b1eng d |
| 022 |
|
|
|a 2047-1017
|
| 035 |
|
|
|a 32203
|
| 040 |
|
|
|a vLex
|
| 090 |
|
|
|c 10793
|d 10793
|
| 245 |
0 |
0 |
|a Southampton Student Law Review
|h [Recurso electrn̤ico] /
|
| 256 |
|
|
|a Servicio en ln̕ea
|
| 260 |
|
|
|a Southampton:
|b University of Southampton,
|c 2011 -
|
| 300 |
|
|
|a 1 recurso electrn̤ico
|
| 310 |
|
|
|a Anual
|
| 362 |
|
|
|a Nð 1-1 (Ene. 2011) -
|
| 506 |
1 |
|
|a Disponible solo en los productos indicados
|d vLex Global
|d vLex Global (Academic Edition, excluding Law Schools)
|d vLex Global (U.S. Academic Edition, Law Schools)
|d vLex Global (U.S. Academic Edition, excluding Law Schools)
|d vLex Global (Academic Edition, Law Schools)
|
| 650 |
0 |
4 |
|a Derecho Civil
|z Inglaterra
|
| 650 |
0 |
4 |
|a Derecho Penal
|z Inglaterra
|
| 650 |
0 |
4 |
|a Derecho Constitucional
|z Inglaterra
|
| 650 |
0 |
4 |
|a Derecho Internacional
|z Inglaterra
|
| 650 |
0 |
4 |
|a Economa̕ y negocios
|z Inglaterra
|
| 650 |
0 |
4 |
|a Ciencias sociales
|z Inglaterra
|
| 740 |
0 |
|
|a vLex Revistas (Servicio en ln̕ea)
|
| 856 |
4 |
0 |
|u http://vlex.com/source/southampton-student-law-review-32203
|z Acceso restringido
|
| 942 |
|
|
|c REV
|
| 999 |
0 |
|
|a Civil Law
|
| 999 |
0 |
|
|a Criminal Law
|
| 999 |
0 |
|
|a Constitutional Law
|
| 999 |
0 |
|
|a International Law
|
| 999 |
0 |
|
|a Economy and business
|
| 999 |
0 |
|
|a Social Sciences
|